Estatísticas para Países por imagem de satélite parcial #3

Clique aqui para jogar o quiz

Estatísticas Gerais

  • Esse quiz foi jogado 52 vezes
  • A pontuação média é 9 de 15

Estatísticas das Respostas

Resposta% Correto
Egito
88%
Islândia
83%
China
81%
Canadá
76%
Noruega
76%
Rússia
76%
Austrália
74%
Estados Unidos
71%
Haiti
57%
Índia
57%
Irlanda
57%
Chile
55%
Tailândia
40%
Senegal
29%
Países Baixos
26%

Distribuição das Pontuações

Percentil de Números Respondidos

Porcentagem de Pessoas com Cada Pontuação

Sua Pontuação Histórica

Você não jogou esse quiz